<?xml version="1.0" encoding="UTF-8"?>
<record
    xmlns:xsi="http://www.w3.org/2001/XMLSchema-instance"
    xsi:schemaLocation="http://www.loc.gov/MARC21/slim http://www.loc.gov/standards/marcxml/schema/MARC21slim.xsd"
    xmlns="http://www.loc.gov/MARC21/slim">

  <leader>01488cam a2200313 a 4500</leader>
  <controlfield tag="001">000015867</controlfield>
  <controlfield tag="005">20200929164200.0</controlfield>
  <controlfield tag="008">050711s2004    ck a     b    100 0 spa  </controlfield>
  <datafield tag="020" ind1=" " ind2=" ">
    <subfield code="a">9589177166</subfield>
  </datafield>
  <datafield tag="040" ind1=" " ind2=" ">
    <subfield code="a">DO-SdBNP</subfield>
    <subfield code="b">spa</subfield>
    <subfield code="c">DLC</subfield>
    <subfield code="d">BNPHU</subfield>
  </datafield>
  <datafield tag="041" ind1="1" ind2="7">
    <subfield code="a">spa</subfield>
    <subfield code="b">fre</subfield>
    <subfield code="2">C&#xF3;digo de idiomas MARC</subfield>
  </datafield>
  <datafield tag="082" ind1=" " ind2=" ">
    <subfield code="a">027.4</subfield>
    <subfield code="b">C719m</subfield>
  </datafield>
  <datafield tag="111" ind1="2" ind2=" ">
    <subfield code="a">Coloquio Colombo-Franc&#xE9;s de Bibliotecas P&#xFA;blicas</subfield>
    <subfield code="n">(1 :</subfield>
    <subfield code="d">2003 :</subfield>
    <subfield code="c">Bogot&#xE1;)</subfield>
    <subfield code="9">35729</subfield>
  </datafield>
  <datafield tag="245" ind1="1" ind2="0">
    <subfield code="a">Memorias del primer Coloquio Colombo-Franc&#xE9;s de Bibliotecas P&#xFA;blicas :</subfield>
    <subfield code="b">Biblioteca y Sociedad /</subfield>
    <subfield code="c">coordinador, Marc Sagaert ; editor, Alfonso Mora Jaime ; traducci&#xF3;n del franc&#xE9;s, Mar&#xED;a Yolanda Medina.</subfield>
  </datafield>
  <datafield tag="246" ind1="1" ind2="0">
    <subfield code="a">Biblioteca y sociedad</subfield>
  </datafield>
  <datafield tag="260" ind1=" " ind2=" ">
    <subfield code="a">Bogot&#xE1;, (Colombia) :</subfield>
    <subfield code="b">Embajada de Francia en Colombia :</subfield>
    <subfield code="b">Ministerio de Cultura de Colombia :</subfield>
    <subfield code="b">Biblioteca Nacional de Colombia,</subfield>
    <subfield code="c">2004.</subfield>
  </datafield>
  <datafield tag="300" ind1=" " ind2=" ">
    <subfield code="a">148 p. :</subfield>
    <subfield code="b">il. ;</subfield>
    <subfield code="c">21 cm.</subfield>
  </datafield>
  <datafield tag="500" ind1=" " ind2=" ">
    <subfield code="a">En el marco de la XVI Feria Internacional del Libro de Bogot&#xE1; y del mes de Francia."</subfield>
  </datafield>
  <datafield tag="504" ind1=" " ind2=" ">
    <subfield code="a">Incluye referencias bibliogr&#xE1;ficas</subfield>
  </datafield>
  <datafield tag="650" ind1=" " ind2="4">
    <subfield code="a">Bibliotecas p&#xFA;blicas</subfield>
    <subfield code="z">Colombia</subfield>
    <subfield code="v">CONGRESOS</subfield>
    <subfield code="9">35730</subfield>
  </datafield>
  <datafield tag="650" ind1=" " ind2="4">
    <subfield code="a">Bibliotecas p&#xFA;blicas</subfield>
    <subfield code="z">Francia</subfield>
    <subfield code="v">CONGRESOS</subfield>
    <subfield code="9">35731</subfield>
  </datafield>
  <datafield tag="650" ind1=" " ind2="4">
    <subfield code="a">Bibliotecas p&#xFA;blicas</subfield>
    <subfield code="x">Aspectos sociales</subfield>
    <subfield code="v">CONGRESOS</subfield>
    <subfield code="9">35732</subfield>
  </datafield>
  <datafield tag="700" ind1="1" ind2=" ">
    <subfield code="a">Mora Jaime, Alfonso.</subfield>
    <subfield code="e">ed.</subfield>
    <subfield code="9">22731</subfield>
  </datafield>
  <datafield tag="700" ind1="1" ind2=" ">
    <subfield code="a">Medina, Mar&#xED;a Yolanda</subfield>
    <subfield code="e">tr.</subfield>
    <subfield code="9">35583</subfield>
  </datafield>
  <datafield tag="710" ind1="2" ind2=" ">
    <subfield code="a">Biblioteca Nacional de Colombia.</subfield>
    <subfield code="9">3774</subfield>
  </datafield>
  <datafield tag="710" ind1="1" ind2=" ">
    <subfield code="a">Francia</subfield>
    <subfield code="b">Embajada (Colombia)</subfield>
    <subfield code="9">35733</subfield>
  </datafield>
  <datafield tag="910" ind1=" " ind2=" ">
    <subfield code="a">Catalogaci&#xF3;n por copia / LC</subfield>
  </datafield>
  <datafield tag="049" ind1=" " ind2=" ">
    <subfield code="a">BNGR</subfield>
  </datafield>
  <datafield tag="952" ind1=" " ind2=" ">
    <subfield code="0">0</subfield>
    <subfield code="1">0</subfield>
    <subfield code="5">4</subfield>
    <subfield code="7">0</subfield>
    <subfield code="8">MO</subfield>
    <subfield code="a">GR</subfield>
    <subfield code="b">GR</subfield>
    <subfield code="c">CT</subfield>
    <subfield code="d">2010-02-19</subfield>
    <subfield code="i">LF1</subfield>
    <subfield code="l">0</subfield>
    <subfield code="o">027.4 C719m</subfield>
    <subfield code="p">15867-10</subfield>
    <subfield code="r">2020-06-25</subfield>
    <subfield code="w">2020-06-25</subfield>
    <subfield code="y">4</subfield>
    <subfield code="Z">Pr&#xE9;stamo en sala</subfield>
  </datafield>
  <datafield tag="999" ind1=" " ind2=" ">
    <subfield code="c">15409</subfield>
    <subfield code="d">15409</subfield>
  </datafield>
</record>
